Locally Northerly Capitals - Statistics

General Stats
  • This quiz has been taken 25 times
  • The average score is 11 of 16
Answer Stats
N Capital City % Correct
20 Helsinki
100%
19 Oslo
100%
19 Ottawa
100%
20 Reykjavik
95%
17 Stockholm
90%
19 Washington
90%
18 Tallinn
80%
19 Ulaanbaatar
70%
18 Havana
60%
18 Nassau
55%
17 Santo Domingo
50%
18 Bishkek
45%
18 Port-au-Prince
45%
17 Baku
40%
17 Tashkent
40%
18 Niamey
25%
No matching quizzes found
Score Distribution
Percent of People with Each Score
Percentile by Number Answered
Your Score History
You have not taken this quiz